US States Quiz in 20 Seconds - Statistics

General Stats
  • This quiz has been taken 384 times
  • The average score is 11 of 50
Answers on the Map
Answers color-coded by a green-red scale on the quiz's map according to % correct below.
 
Answer Stats
State % Correct
Alaska
58%
Texas
58%
California
57%
Idaho
57%
Oregon
51%
Ohio
50%
Utah
50%
Iowa
48%
Washington
46%
Hawaii
45%
Nevada
39%
Florida
38%
Arizona
36%
Montana
35%
New York
35%
Colorado
31%
Maine
30%
Alabama
24%
Arkansas
21%
Illinois
21%
New Mexico
21%
Kansas
20%
Georgia
19%
Wyoming
19%
Indiana
17%
Vermont
17%
Michigan
13%
Oklahoma
13%
Nebraska
12%
New Jersey
12%
Missouri
11%
North Dakota
11%
Delaware
9%
Minnesota
9%
South Dakota
9%
Connecticut
7%
Louisiana
7%
New Hampshire
7%
Virginia
7%
Wisconsin
6%
Kentucky
5%
Maryland
5%
North Carolina
5%
Mississippi
4%
Tennessee
4%
Massachusetts
3%
Pennsylvania
3%
Rhode Island
3%
South Carolina
3%
West Virginia
1%
No matching quizzes found
Score Distribution
Percent of People with Each Score
Percentile by Number Answered
Your Score History
You have not taken this quiz